TNB : història d'una imposició / Gonzalo Pérez de Olaguer ; pròleg de Hermann Bonnín història d'una imposició / Gonzalo Pérez de Olaguer ; pròleg de Hermann Bonnín
Descripción Física:
98 p. ; 24 cm
Otros Autores:
Bonnín, Hermann, 1935-
Materias:
Teatro Nacional de Barcelona -- Història
MARC
| LEADER | 00000nam a2200000Ia 4500 | ||
|---|---|---|---|
| 001 | 8926 | ||
| 008 | 160829s1990 xx 000 0 cat d | ||
| 080 | |a B-1-271 | ||
| 100 | |a Pérez de Olaguer, Gonzalo |9 19977 | ||
| 245 | |a TNB : |b història d'una imposició / Gonzalo Pérez de Olaguer ; pròleg de Hermann Bonnín | ||
| 260 | |a Barcelona : |b Institut del Teatre. Diputació de Barcelona, |c 1990 | ||
| 300 | |a 98 p. ; |c 24 cm | ||
| 490 | |a Col·lecció Estudis de l'Institut del Teatre ; 4 | ||
| 650 | |a Teatro Nacional de Barcelona |x Història |9 19978 | ||
| 700 | |a Bonnín, Hermann, |d 1935- |e escriptor del pròleg |9 41455 | ||
| 710 | 1 | |a Institut del Teatre (Barcelona, Catalunya) |9 52662 | |
| 901 | |a Arxiu | ||
| 942 | |n 1 |2 udc | ||
| 952 | |0 0 |1 0 |4 0 |6 B1271 |7 1 |9 41393 |a Arxiu |b Arxiu |d 2016-12-01 |l 0 |o B-1-271 |p 8926 |r 2016-12-01 00:00:00 |w 2016-12-01 |y ARXIU | ||
| 999 | |c 43200 |d 43200 | ||